00764nam a2200181 a 450000100100000000500170001000800410002704000250006810000400009324501070013326000510024030000190029150000760031050400280038670000460041495201050046099900170056500003818120201002031204.0130320s2007 dr a 000 0 spa d aDO-SdBNPbspacBNPHU1 aRozas Aristy, Eduardod1942-96455310aGramática del diseño arquitectónico /cEduardo Rozas Aristy ; prólogo Leopoldo A. Espaillat N. aSanto Domingo :bEditora Universitaria,c2007. a217 p. :bils. aIncluye datos biográficos del autor en la solapa de la contracubierta aBibliografía : p. 2191 aEspaillat N., Leopoldo A,epról.959658 0010718PDaPDbPDcCTd2013-03-20iLF1l0o p38181-10r2020-06-25w2020-06-25yLFPDZNo se presta c37671d37671